[Event "Amsterdam Euwe Memorial"]
[Site "Amsterdam"]
[Date "1991.??.??"]
[Round "5"]
[White "Salov, Valery"]
[Black "Karpov, Anatoly"]
[Result "1/2-1/2"]
[WhiteElo "2645"]
[BlackElo "2725"]
[Annotator "Salov,V"]
[PlyCount "49"]
[EventDate "1991.05.??"]
[EventType "tourn"]
[EventRounds "9"]
[EventCountry "NED"]
[EventCategory "16"]
[SourceTitle "CBM 023"]
[Source "ChessBase"]
[SourceDate "1991.08.01"]
[SourceVersion "1"]
[SourceVersionDate "1991.08.01"]
[SourceQuality "1"]

1. Nf3 {Ribli} Nf6 2. c4 c5 3. g3 Nc6 4. Bg2 d5 5. cxd5 Nxd5 6. Nc3 Nc7 7. a3
e6 $5 (7... e5 8. b4 cxb4 9. axb4 Bxb4 $6 10. Nxe5 $16 (10. Nxe5 $1 {Ribli}
Nxe5 11. Qa4+ $14)) (7... g6 8. h4 $5 h6 9. d3 Bg7 10. Bd2 Bg4 11. Rc1 Qd7 12.
Na4 Ne6 13. Nh2 $18 {Sunye Neto-Vaganian, Manila 1990}) 8. O-O Be7 9. e3 O-O {
TN} (9... Qd3 $5 10. Qe2 Qxe2 11. Nxe2 Bd7 12. d4 Na5 $10 {
Polugaevsky-Kortchnoi,Amsterdam 1972}) 10. d4 cxd4 11. exd4 (11. Nxd4 Bd7 12.
Nxc6 Bxc6 13. Bxc6 bxc6 14. Qf3 Nd5 $10 {In this line vulnerability of the
black "c" pawn is neutralized by the weak- ness of the square b3.}) (11. Nxd4
$5 {Ribli}) 11... Nd5 $1 12. Qd3 Bd7 (12... Qb6 $6 13. Nxd5 exd5 14. Bg5 $1 $14
) (12... Nxc3 $5 13. bxc3 b6 14. Ng5 Bxg5 15. Bxc6 Rb8 16. a4 $10) 13. Nxd5
exd5 14. Re1 Be6 15. Bf4 Rc8 16. Rad1 Qd7 17. Ne5 Nxe5 18. dxe5 Rfd8 19. Be3 $1
$14 b6 20. Rd2 $2 (20. Bd4 $14) 20... d4 $1 $15 21. Qxd4 (21. Bxd4 $2 Bc5 22.
Red1 Bg4 $1 (22... Qxd4 {Ribli} 23. Qxd4 Bxd4 24. Rxd4 Rxd4 25. Rxd4 Rc1+ 26.
Bf1 f6 $1 27. Kg2 fxe5 28. Rd8+ Kf7 $10) 23. Bf3 (23. f3 Qa4 24. fxg4 Rxd4 25.
Qxd4 Rd8 26. Qxc5 Qxd1+ $19) 23... Bxd4 24. Qe2 (24. Qe4 Bxf2+ 25. Kxf2 Qxd2+
26. Rxd2 Rxd2+ $19) 24... Bh3 25. Bg2 Be6 26. Rxd4 Qxd4 27. Rxd4 Rc1+ 28. Bf1
Rxd4 $19) (21. Qe4 dxe3 $1 22. Rxd7 exf2+ 23. Kxf2 Rxd7 $17) 21... Qb5 $1 22.
Bf1 (22. Qe4 Rxd2 23. Bxd2 Qxb2 24. Bb4 Bxb4 25. Qxb4 Qxb4 26. axb4 a5 $17)
22... Qb3 $2 (22... Qa5 $1 23. b4 $8 (23. Qf4 $2 g5 $3 24. Rxd8+ Rxd8 $19)
23... Qxa3 24. Qa1 $8 Qxb4 25. Rxd8+ Rxd8 26. Rc1 $15) 23. Rd3 $10 Rxd4 (23...
Qc2 24. Rc1 $1) (23... Qa2 $2 24. Qa4 Rxd3 25. Bxd3 Qxb2 26. Qxa7 Qc3 27. Rc1
Qxd3 28. Rxc8+ Bxc8 29. Qxe7 $16) 24. Rxb3 Re4 25. Rd3 1/2-1/2

[Event "Qatar Masters op"]
[Site "Doha"]
[Date "2015.12.23"]
[Round "4"]
[White "Svane, Rasmus"]
[Black "Abdumalik, Zhansaya"]
[Result "0-1"]
[WhiteElo "2529"]
[BlackElo "2390"]
[Annotator "Schulz,Andre"]
[PlyCount "72"]
[EventDate "2015.12.20"]
[EventType "swiss"]
[EventRounds "9"]
[EventCountry "QAT"]
[SourceTitle "CBM 170"]
[Source "ChessBase"]
[SourceDate "2016.01.15"]
[SourceVersion "1"]
[SourceVersionDate "2016.01.15"]
[SourceQuality "1"]

1. Nf3 Nf6 2. c4 c5 3. Nc3 Nc6 4. g3 d5 5. cxd5 Nxd5 6. Bg2 g6 7. Ne4 {Ein
Idee von Li Chao.} b6 (7... Qb6 8. O-O Bg7 9. Qc2 Bf5 10. d3 Bxe4 11. dxe4 Ndb4
12. Qa4 Qa5 13. Qd1 O-O 14. a3 Na6 15. e5 e6 16. Qc2 Rac8 17. Qe4 c4 18. Bd2
Qb5 19. a4 Qb3 20. Be3 Qb4 21. Rfc1 Na5 22. Bd2 Qb6 23. Bxa5 Qxa5 24. Rxc4 Rxc4
25. Qxc4 Qc7 26. Qxc7 Nxc7 27. Rd1 Nd5 28. e4 Nb4 29. Rd7 a5 30. Rxb7 Nc6 31.
Rb5 Rb8 32. Rc5 Rb6 33. Bf1 Bf8 34. Rb5 Rxb5 35. Bxb5 Nb4 36. Nd2 Be7 37. Kf1
Bd8 38. Ke2 Kf8 39. f4 h5 40. Nc4 Ke7 41. Kd2 Bc7 42. Kc3 Bd8 43. Kd4 {1-0 (43)
Li,C (2748)-Leko,P (2714) Szeged 2015}) 8. d4 Bg7 ({Schwarz kann nicht gut
nehmen:} 8... cxd4 9. Nxd4 Bb7 10. Nxc6 Bxc6 11. Qd4 {ist unbequem.}) 9. dxc5
bxc5 10. O-O (10. Nxc5 $4 Qa5+) 10... O-O 11. Nxc5 {Weiß hat einen Bauern
gewonnen, gerät aber nun rasch unter Druck. [#]} Rb8 12. e4 (12. Nd2 $5 {
mit der Idee} Bxb2 13. Bxb2 Rxb2 14. Qc1 Rb8 15. Ndb3) 12... Ndb4 {Provoziert}
13. a3 {unter anderem ein Loch auf b3.} Na6 14. Nd3 Be6 15. Re1 Bc4 ({Weiß
kann auch mit} 15... Bb3 $5 16. Qd2 Bc4 17. Bf1 Nd4 {stochern.}) 16. Nf4 Qxd1
17. Rxd1 Nc5 18. Nd2 Rfd8 19. Nd5 Be2 20. Re1 Ba6 21. Nc7 Bd3 (21... Bxb2 22.
Bxb2 Rxb2 23. Nxa6 Nxa6 24. Nc4 {mit Rückgewinn des Bauern war möglich,
entlastet Weiß aber nur.}) 22. Nd5 Ba6 23. Nc7 Bd3 24. Nd5 Nd4 {Nein, kein
Remis. Weiß muss etwas gegen Sc2 unternehmen. [#]} 25. Ra2 e6 26. b4 {Mit
jedem Verteidigungszug entstehen neue Schwächen in der weißen Stellung.} (26.
Nf4 Nc2 $19) 26... Na4 27. Nf4 Nc2 28. Nxd3 Nxe1 29. Nxe1 Nc3 30. Rc2 Ne2+ 31.
Kf1 Nxc1 32. Nc4 Nb3 33. Nf3 Rbc8 34. Ke1 Na1 {Was für ein Springer!} 35. Rc1
Bb2 36. Rb1 Rxc4 (36... Rxc4 37. Rxb2 Rxe4+ 38. Re2 Nc2+ 39. Kf1 Rd1+ 40. Re1
Rexe1+ 41. Nxe1 Rxe1#) 0-1

[Event "Szeged m"]
[Site "Szeged"]
[Date "2015.08.19"]
[Round "5"]
[White "Li, Chao B"]
[Black "Leko, Peter"]
[Result "1/2-1/2"]
[WhiteElo "2748"]
[BlackElo "2714"]
[Annotator "Schulz,Andre"]
[PlyCount "194"]
[EventDate "2015.08.14"]
[EventType "match"]
[EventRounds "6"]
[EventCountry "HUN"]
[SourceTitle "CBM 168"]
[Source "ChessBase"]
[SourceDate "2015.09.14"]
[SourceVersion "1"]
[SourceVersionDate "2015.09.14"]
[SourceQuality "1"]

1. c4 c5 2. Nf3 Nf6 3. Nc3 Nc6 4. g3 d5 5. cxd5 Nxd5 6. Bg2 g6 7. h4 Bg7 (7...
h6 8. O-O Bg7 9. Nxd5 Qxd5 10. d3 O-O 11. Be3 Qh5 12. Rc1 b6 13. d4 Rd8 14. Nd2
cxd4 15. Bf4 d3 16. Re1 Nd4 17. Bxa8 Bg4 18. f3 dxe2 19. Qa4 Rxa8 20. fxg4 Qxg4
21. Kg2 Rd8 22. Bc7 Rd7 23. Rc4 Qf5 24. Qxa7 Nc2 25. Rxe2 Ne3+ 26. Kh2 Nxc4 27.
Nxc4 Qc5 28. b3 Rxc7 29. Qxb6 Qxb6 30. Nxb6 e6 31. Nc4 Bd4 32. Rc2 e5 33. b4 e4
34. a4 f5 35. a5 Rb7 36. Rd2 e3 37. Rxd4 e2 38. Rd8+ Kf7 39. Nd6+ Kf6 40. Rf8+
{1/2-1/2 (40) Radjabov,T (2733)-Svidler,P (2746) Tromsoe 2013}) 8. h5 Bf5 9. h6
(9. Qb3 Ndb4 10. Kf1 Nc2 11. hxg6 hxg6 12. Rxh8+ Bxh8 13. Rb1 Qb6 14. d3 Qxb3
15. axb3 Rc8 16. Bf4 Be6 17. Nb5 Kd7 18. Rc1 N2b4 19. Ng5 b6 20. Nxe6 Kxe6 21.
Bd2 Bxb2 22. Rb1 a6 23. Rxb2 axb5 24. Rb1 Kd6 25. f4 Rc7 26. Ra1 Na5 27. Ra3
Nbc6 28. Bxc6 Nxc6 29. Ra6 Rb7 30. b4 cxb4 31. Ke1 Kc7 32. Ra8 Rb8 33. Rxb8
Kxb8 34. Kd1 b3 35. e3 Kb7 36. Kc1 b4 37. Kb2 Ka6 38. Kxb3 Kb5 39. Bc1 Na5+ 40.
Kc2 f5 41. Bb2 Nb7 42. Bg7 Nc5 43. Bf8 e6 44. Bg7 b3+ 45. Kd2 Kb4 46. Bb2 Na4
47. Kc1 Nxb2 48. Kxb2 Ka4 49. Kb1 Ka3 50. e4 b2 {0-1 (50) Vachier Lagrave,M 
(2768)-Leko,P (2734) Bilbao 2014}) 9... Bf6 10. Ng5 Bxg5 11. Nxd5 Be6 12. Nc3
Rc8 13. d3 Bxc1 14. Rxc1 b6 15. O-O O-O 16. Qd2 Nd4 17. Rfd1 Qd7 18. e3 {
Die weiße Stellung ist wenig ausbaufähig und der h6 ist schwach.} Nf5 19. d4
Nxh6 20. d5 Bh3 21. e4 {Auf Kosten eines Bauern ist Weiß im Zentrum aktiv
geworden.} Kg7 (21... Bxg2 22. Kxg2 Ng4 23. Rh1 f5 $15) 22. e5 Qf5 23. Re1 Bxg2
24. Kxg2 Ng4 25. Qe2 (25. Re4 Nxe5 26. Qe2 $11) 25... h5 26. f3 Nh6 27. Rcd1
Rcd8 28. Nb5 Rd7 (28... h4 $5 {mit der Idee} 29. g4 Qf4 30. Kh1 Rd7 $15) 29. d6
exd6 30. Rxd6 Re7 31. Nc3 Rfe8 32. f4 Ng4 {Die Partie läuft so ähnlich wie
die 4. Partie. Leko hat einen Bauern mehr, aber technische Schweierigkeiten
bei der Verwertung. Konkret hat er Schwierigkeiten, den Springer ins Spiel zu
bringen.} 33. Qe4 Qxe4+ 34. Rxe4 Re6 35. Rd7 R8e7 36. Rd8 Re8 37. Rd7 R6e7 38.
Rd6 Nh6 39. Nd5 Rb7 40. Nf6 Rc8 41. Re1 Nf5 42. Rd2 Kf8 43. Kf3 Ke7 44. Red1
Nd4+ 45. Ke4 Rc6 46. b4 {Auch nach dem Übergang ins Endspiel besitzt Weiß,
auch mit einem Bauern weniger, genügend Gegenspiel.} Ke6 47. a4 Rc8 48. Rd3
Nf5 49. b5 Nd4 50. Rc1 Rd8 51. Ra1 Rbb8 52. Rad1 a6 53. bxa6 Ra8 54. a5 Rxa6
55. Rb1 bxa5 56. Rb7 a4 {Nach geduldigem Lavieren hat Schwarz mit dem
Freibauern auf der a-Linie einen straken Trumpf. Die Öffnung der Stellung und
die beengte Position des schwarzen Königs birgt aber auch einige Risiken. Die
Maschine hält die Chancen deshalb für ausgeglichen.} 57. Nh7 {Es droht Sg5#.}
f6 ({Oder auch} 57... f5+ 58. exf6 {usw.} (58. Ke3 $2 a3 59. Ng5+ Kd5 $19)) 58.
exf6 Kd6 59. f7 Kc6 60. Re7 Raa8 61. Re5 $6 {Auch Weiß will mehr und geht
hohes Risiko.} (61. f8=Q Rxf8 62. Nxf8 Rxf8 63. Ra3 Nb5 64. Ra1 $11 (64. Rxa4
$2 Nc3+)) 61... a3 62. Rc3 a2 63. Rcxc5+ Kb6 64. Rc1 Nb3 $19 (64... a1=Q $2 65.
Rxa1 Rxa1 66. f8=Q Re1+ 67. Kd3 Rxf8 68. Nxf8 Rxe5 69. fxe5 Nf5 $11) 65. Re1 (
65. Re6+ $5 Ka5 66. Re1 Nd2+ 67. Ke5 Nb1 68. Kf6 a1=Q+ {Schwarz hat eine Dame
mehr, aber der Gewinn ist immer noch nicht trivial:} 69. Kxg6 Qc3 70. R1e3 Rd3
71. R3e5+ Ka4 72. Re8 Ra6+ 73. R8e6 (73. Kxh5 Rxg3 $19) 73... Rxe6+ 74. Rxe6
Rd8 75. Kxh5 Qxg3 76. Ng5 Qh2+ (76... Qxf4 $2 77. Re4+ $11) 77. Kg6 Nc3 $19 {
nun aber...}) 65... Nd2+ 66. Ke3 Nc4+ $6 (66... Nb1 $1) 67. Kf2 Nxe5 68. fxe5
Rh8 $2 {Ein schwerwiegender Tempoverlust:} (68... a1=Q {sollte reichen:} 69.
Rxa1 Rxa1 70. f8=Q (70. e6 Ra7 $19 71. f8=Q Rxf8+ 72. Nxf8 g5 73. Nd7+ Kc7 74.
Nf6 Kd8 $19) 70... Rxf8+ 71. Nxf8 g5 72. Nh7 g4 73. Nf6 Ra5 $19) 69. Nf6 (69.
f8=Q Rhxf8+ 70. Nxf8 Rxf8+ 71. Ke3 Ra8 72. Ra1 Kc5 73. Ke4 Ra4+ $19) 69... a1=Q
70. Rxa1 Rxa1 71. e6 Ra7 72. e7 {Das ist der Unterschied: Der S steht hier
schon auf f6.} Rxe7 73. Nd5+ {Und hier liegt der Hase im Pfeffer.} Kc5 74. Nxe7
Rf8 75. Nxg6 Rxf7+ 76. Nf4 {Remis! Leko probiert noch etwas, aber es reicht
nicht.} Kd4 77. Kg2 h4 (77... Rf5 78. Kh3 Ke4 79. Kh4 $11) 78. Ne6+ Ke3 79.
gxh4 Rf6 80. Ng5 Kf4 81. Kf2 Rh6 82. Nf3 Ra6 83. Nd2 Ra3 84. Ke2 Rh3 85. h5
Rxh5 86. Kd3 Rd5+ 87. Kc3 Rd8 88. Nc4 Ke4 89. Nd2+ Ke3 90. Nc4+ Ke2 91. Nb6 Ke3
92. Nc4+ Ke4 93. Nd2+ Kd5 94. Kd3 Rh8 95. Ke3 Rh3+ 96. Nf3 Rxf3+ 97. Kxf3 Ke5
1/2-1/2

[Event "Hoogovens-B"]
[Site "Wijk aan Zee"]
[Date "1994.01.??"]
[Round "1"]
[White "Schwartzman, Gabriel"]
[Black "Hansen, Lars Bo"]
[Result "1-0"]
[WhiteElo "2500"]
[BlackElo "2545"]
[Annotator "Schwartzman,G"]
[PlyCount "147"]
[EventDate "1994.01.21"]
[EventType "tourn"]
[EventRounds "9"]
[EventCountry "NED"]
[EventCategory "9"]
[SourceTitle "CBM 040"]
[Source "ChessBase"]
[SourceDate "1994.06.01"]
[SourceVersion "1"]
[SourceVersionDate "1994.06.01"]
[SourceQuality "1"]

1. c4 {Ribli} c5 2. Nc3 Nf6 3. g3 d5 4. cxd5 Nxd5 5. Bg2 Nc7 6. Nf3 Nc6 7. O-O
e5 8. d3 Be7 9. Nd2 Bd7 10. Nc4 f6 11. f4 b5 12. Ne3 exf4 13. gxf4 Rb8 14. Ned5
(14. Bd2 O-O 15. f5 Nd4 (15... Ne5 {40/15}) (15... Ne5 {Ribli} 16. Kh1 Bc6 17.
Bxc6 Nxc6 18. Rg1 $14 {Vilela,J-Lukacs,P/Albena/1985/INF40,(63)/}) 16. Kh1 Qc8
(16... Kh8 $5 {Ribli}) 17. Ned5 Bd6 18. Bf4 $1 {Illescas,M-De la Villa,J/
Barcelona/1990/1-0/} h5) 14... Nxd5 15. Nxd5 O-O 16. Be3 Nd4 $1 {N} (16... a5
17. Rc1 Nd4 18. Bxd4 cxd4 19. Qe1 Re8 20. Nc7 Bb4 21. Qd1 Rf8 22. Na6 Rb6 23.
Nxb4 axb4 24. Qb3+ Be6 25. Qxb4 Bxa2 26. Ra1 Bf7 {1/2 Barbero,G-Pinter,J
Hungary tt 1992}) 17. Rc1 $2 (17. Qd2 $142) (17. Bf2 {Ribli} Bg4 18. Re1 Re8
$15 {Haefner,T-Behrhost,F/BL 8687/}) 17... Be6 $1 $36 18. Bxd4 (18. Nxe7+ Qxe7
19. b3 (19. b4 Bxa2 20. Qd2 Bf7 21. bxc5 Nb3 $19) 19... Bxb3 $17) 18... cxd4 (
18... Bxd5 $2 {Ribli} 19. Bxc5 Bxg2 20. Bxe7 Qxe7 21. Kxg2 $16) 19. Nc7 $5 (19.
Nxe7+ Qxe7 20. b3 Bg4 $40) 19... Bf7 $1 (19... Bxa2 $2 {Ribli} 20. b3 Qd7 (
20... Qd6 21. Rc6 Qa3 22. Ra6 Qb2 23. Qc1 Qxc1 24. Bd5+ $1 Kh8 25. Rxc1 $18)
21. Qc2 Rfc8 22. Bd5+ Kh8 23. Be6 Qxe6 24. Nxe6 Rxc2 25. Rxc2 Bxb3 26. Rc7 Bd6
27. Rd7 Bxe6 28. Rxd6 Bg8 29. Ra6 b4 30. Rxa7 b3 31. Rb1 b2 32. Kf2 $16) 20.
Qd2 Bd6 (20... Bxa2 21. Qa5 (21. Qa5 {Ribli} Bf7 22. Qxa7 $14)) 21. Na6 $8 Rc8
22. Rxc8 Qxc8 23. Nb4 Re8 (23... Bxb4 {Ribli} 24. Qxb4 Re8 25. Bf3 Qd7 26. Rc1
$14) 24. Nc6 Qd7 $1 (24... Bxa2 {Ribli} 25. b4 (25. Ra1 $2 Bf7 26. Rxa7 Qg4 $17
) 25... Bf7 26. Nxd4 $13) 25. b4 {/\><d4,><c5} Bc7 $1 {/\Nd5-/+} 26. Nxa7 Bd5 (
26... Bxf4 {Ribli} 27. Qxf4 Qxa7 28. Bf3 $13) 27. Bxd5+ $8 Qxd5 $17 28. Qc2 (
28. Rc1 Qd7 $1 {/\Dg4,עg1}) 28... Bxf4 $1 29. Rf3 $138 (29. Rxf4 Qg5+ 30. Kh1
Qxf4 $19) 29... Qg5+ 30. Kf1 $8 (30. Kh1 Qh4 31. h3 (31. e4 dxe3 $19) 31...
Qe1+ 32. Kg2 Rxe2+ $19) 30... Bxh2 (30... Be3 $1 {Ribli} 31. Rg3 (31. Ke1 Qg1+
32. Rf1 Bf2+ $19) 31... Qf4+ 32. Kg2 (32. Rf3 Qxh2 $19) 32... Qf2+ 33. Kh3 Qf1+
34. Rg2 Qf5+ $19) 31. Ke1 Qg2 32. Kd1 $8 Qg1+ 33. Kd2 Bf4+ $1 {[#]} 34. Rxf4
Qe3+ 35. Ke1 Qxf4 $19 36. Nxb5 Kh8 $2 (36... Qg4 $1 $19) 37. Qc6 $1 Qb8 $6 $138
(37... Qe3 {Ribli} 38. Nxd4) 38. a4 $1 Rc8 39. Qd6 Qa8 (39... Qxd6 $1 {Ribli}
40. Nxd6 Rb8 $1 41. b5 Ra8 42. b6 Rxa4 43. b7 Rb4 $19) 40. a5 Rd8 41. Qc7 $1
Rb8 42. Qd7 $1 $132 (42. Nd6 Rxb4 43. Nf7+ Kg8 44. Nh6+ gxh6 45. Qg3+ Kh8 $19)
42... h6 43. Kf2 $1 (43. Nd6 $2 Rxb4 44. Nf7+ Kg8 45. Nxh6+ Kh7 $3 (45... gxh6
46. Qe6+ Kh8 (46... Kf8 47. Qd6+ $16) 47. Qxf6+ Kg8 48. Qg6+ Kh8 49. Qxh6+ $10)
46. Qf5+ Kxh6 47. Qf4+ (47. Qh3+ Kg5 $1 (47... Kg6 48. Qg4+ Kf7 49. Qd7+ Kg8
50. Qe6+ Kh7 51. Qh3+ $10) 48. Qg3+ Kf5 49. Qh3+ Ke5 50. Qg3+ Ke6 51. Qg4+ Ke7
$19) 47... Kh5 48. Qf5+ (48. Qh2+ Kg4 $19) 48... g5 49. Qh7+ Kg4 50. Qd7+ f5
$19) 43... Rb7 44. Qd5 $1 Qa6 $2 (44... Qb8 45. a6 $1 (45. Nd6 {Ribli} Rxb4 46.
a6 Ra4 47. Nf7+ Kh7 48. Qf5+ Kg8 49. Nxh6+ $10) 45... Rxb5 46. a7 Qh2+ 47. Kf1
(47. Qg2 $4 Rf5+ $19) 47... Qf4+ 48. Kg2 Qg4+ $10) 45. Nc7 $1 $16 Qa7 46. b5
Rxc7 (46... Qb8 47. b6 {/\a6}) 47. b6 (47. Qd8+ $4 Kh7 48. b6 Rd7 $1 $19) 47...
Qb8 48. bxc7 Qxc7 49. a6 $18 Qf4+ 50. Qf3 Qh2+ 51. Kf1 Qc7 52. Qa8+ Kh7 53.
Qe4+ f5 54. Qxf5+ Kh8 55. Qe4 Qc5 56. Kf2 (56. Qa8+ $2 Kh7 57. a7 Qc1+ 58. Kg2
Qg5+ 59. Kf2 Qe3+ $10) 56... Qf8+ 57. Kg2 Qc5 58. Kf2 $138 (58. Qa8+ Kh7 59. a7
Qg5+ $10) 58... Qf8+ 59. Qf3 Qb8 60. Kg2 Qa7 61. Qc6 $1 (61. Qb7 Qc5 62. Qb8+
Kh7 63. a7 Qg5+ 64. Qg3 Qa5 $1 65. Qb8 Qg5+ $10) 61... Kh7 62. Kf2 Qb8 63. Qe4+
Kh8 64. Qxd4 Qh2+ 65. Ke1 Qg3+ 66. Kd1 Qb8 67. a7 Qb1+ 68. Kd2 Qa2+ 69. Ke1
Qa5+ 70. Kf1 Qf5+ 71. Qf2 Qc8 (71... Qh3+ 72. Qg2 Qf5+ 73. Qf3) 72. Qf3 Qc1+
73. Kg2 Qg5+ 74. Kh3 1-0

[Event "Tata Steel-A 79th"]
[Site "Wijk aan Zee"]
[Date "2017.01.19"]
[Round "5"]
[White "So, Wesley"]
[Black "Harikrishna, Pentala"]
[Result "1-0"]
[WhiteElo "2808"]
[BlackElo "2766"]
[Annotator "So,Wesley"]
[PlyCount "95"]
[EventDate "2017.01.14"]
[EventType "tourn"]
[EventRounds "13"]
[EventCountry "NED"]
[EventCategory "21"]
[SourceTitle "CBM 177"]
[Source "ChessBase"]
[SourceDate "2017.03.16"]
[SourceVersion "1"]
[SourceVersionDate "2017.03.16"]
[SourceQuality "1"]

1. Nf3 Nf6 2. g3 g6 3. Bg2 Bg7 4. c4 c5 5. Nc3 {} d5 6. d4 {} cxd4 7. Nxd4
dxc4 ({Wesley mentions that he felt the really testing move was} 7... e5 {
Indeed the database shows the strongest game as being from 2011 between
Fischdick vs Schlick. (Yes, those are really the names), which Black won.}) 8.
Qa4+ Nbd7 9. O-O O-O 10. Rd1 Nb6 11. Qa3 Qd6 12. Qxd6 exd6 13. a4 a6 ({I
thought} 13... Be6 {was possible. I'm not sure it works. For example,} 14. Nxe6
fxe6 15. Rxd6 {This is one variation I saw.} Rad8 16. Rxe6 Kf7 {and somehow
this rook is under pressure. So I have to move here:} 17. Re3 Nbd5 18. Nxd5
Nxd5 19. Rf3+ Ke8 {and now I am a pawn up, but he's got some pressure on b2,
so I can't move my bishop away.} 20. Rxf8+ Kxf8 {Probably much better for me,
but it is one possibility.}) 14. Bf4 {I didn't try to recapture my pawn right
away and instead hindered his development.} d5 (14... Ne8 15. Rac1 a5 16. Ndb5
Bd7 17. Bxd6 Nxd6 18. Rxd6 Bc6 19. Bxc6 bxc6 20. Rxc6 Rab8 21. Rc5 Rfd8 22. Na7
Rd2 23. Rb5 Nd7 24. Rxb8+ Nxb8 25. Ncb5 Nd7 26. Rxc4 Bxb2 27. Kf1 Nb6 28. Re4
f5 29. Re8+ Kf7 30. Rb8 Nxa4 31. Nc6 Nc3 32. Nxa5 Rd1+ 33. Kg2 Nxe2 34. Nc4 Ba1
35. Nbd6+ Kg7 36. Rb7+ Kg8 {1-0 (55) Kramnik,V (2783)-Nepomniachtchi,I (2720)
Dortmund 2015}) 15. a5 Nbd7 16. Rac1 {Another point of Rc1 is that it asks
Black where he will play his awkward knight on d7. 16...Nc5 is not possible
due to 17.Bd6. By the way, here he (Harikrishna) had less than 20 minutes left,
so he is in some time trouble already.} ({After} 16. Nxd5 Nxd5 17. Bxd5 Ne5 {
I can win a pawn, but then he completes his development.} 18. Bxe5 Bxe5 19.
Bxc4 Bg4 {Now White is better, but it is not so easy to convert.}) 16... Rd8
17. Bc7 Re8 18. Bd6 ({After} 18. Nxd5 Nxd5 19. Bxd5 {he once again has the idea
} Ne5) 18... Ne5 {I was attracted to...} 19. Bxd5 $1 {...because after} Nxd5 {
...taking is forced or I will play Bg2 and he will be completely paralysed.} ({
He probably didn't play} 19... Rd8 {in view of} 20. Bxb7 Bxb7 21. Bxe5) 20.
Nxd5 {The knight is hitting b6, c7 and e7.} Bg4 $1 {A very strong move. I have
to be very careful here.} 21. Rd2 {I wasn't too happy with this move, but
maybe it works, since I could not see anything refuting it.} ({For example,
after} 21. Nc7 {he plays} Nd3 $1 {and it is really, really tricky. I can
probably equalise with} 22. exd3 ({If I were to blunder with} 22. Rxc4 $2 Nxb2
23. Nxe8 Rxe8 {and most of my pieces and pawns are hanging.})) (21. f3 $2 {
would be a serious mistake because of} Nd3 $1 {and here the knight on d4 is
under threaten of being captured with check.}) 21... Red8 {The next moves are
forced due to the threat of Nc7 or Nb6.} ({During the game I worried about} 
21... c3 $6 {which forces} 22. Rxc3 {due to the possible ...Nc4, but after} Nc6
({After} 22... Red8 23. Nb6 Rxd6 24. Nxa8 {I have} Nc6 25. e3) 23. Nxc6 Bxc3 {
White just takes back with} 24. bxc3 {since now after} bxc6 25. Nf6+ Kg7 26.
Nxe8+ Rxe8 {so I was probably just imagining things.}) 22. Nb6 Rxd6 ({You
wouldn't want to play} 22... Ra7) 23. Nxa8 Nc6 24. Nf3 Rxd2 25. Nxd2 Bxb2 26.
Rxc4 Bxe2 27. Re4 Bd3 28. Re3 {I still wasn't sure I was winning due to his
powerful bishops.} Nb4 $2 {A serious mistake.} ({Instead Black should play
something like} 28... Bf5 29. Rb3 Bf6 30. Rxb7 Nxa5 31. Rb6 Bc3 {and the point
is that Black really needs to keep the bishop pair at all costs. For example,
an endgame like} 32. Nb3 Nxb3 33. Rxb3 Bf6 34. Rb6 Kg7 35. Rxa6 {and this
endgame could easily be a draw, as long a White is unable to exchange his
knight for one of the bishops.}) 29. Nb6 {There is a small trap here.} Bd4 ({
Here he would be forced to let one of his bishops be exchanged for a knight
after} 29... Bc1 30. Nbc4 {with the idea of Re1.}) 30. Re7 Nc6 31. Rxb7 Nxa5
32. Rd7 Nc6 33. Nb3 Bf5 ({Black clearly felt that after} 33... Bxb6 34. Rxd3 {
he is technically lost, but this had to put up more resistance than the game
move, which just drops a piece.}) 34. Rxd4 Nxd4 35. Nxd4 Bd3 36. Kg2 Kf8 37.
Kf3 Ke7 38. Ke3 {} Bf1 39. Nf3 Kd6 40. Kd4 f6 41. Nd2 {} Be2 {} 42. Nd5 f5 {
} 43. Nc3 {} Bh5 {} 44. Nc4+ {} Ke6 45. f4 Kd7 {} 46. Kc5 {} h6 {} 47.
Nd5 {} Ke6 {} 48. Nc7+ 1-0

[Event "Interpolis-03"]
[Site "Tilburg"]
[Date "1979.11.07"]
[Round "6"]
[White "Larsen, Bent"]
[Black "Sosonko, Gennadi"]
[Result "0-1"]
[WhiteElo "2620"]
[BlackElo "2535"]
[Annotator "Sosonko,G"]
[PlyCount "88"]
[EventDate "1979.11.01"]
[EventType "tourn"]
[EventRounds "11"]
[EventCountry "NED"]
[EventCategory "15"]
[SourceTitle "MCL"]
[Source "ChessBase"]
[SourceDate "1999.07.01"]
[SourceVersion "1"]
[SourceVersionDate "1999.07.01"]
[SourceQuality "1"]

1. c4 c5 2. Nc3 Nc6 3. Nf3 Nf6 4. g3 g6 5. Bg2 d5 6. cxd5 Nxd5 7. h4 h6 (7...
Bg7 8. h5 O-O 9. hxg6 hxg6) 8. d3 Bg7 9. Bd2 Be6 10. Rc1 (10. Qc1 Rc8 {/\Sd4})
10... Rc8 $10 11. Nxd5 Qxd5 12. Bc3 O-O (12... Bxc3+ $2 13. Rxc3 Qxa2 14. Qc1
b6 15. h5 g5 16. Nxg5 hxg5 17. Ra3 $18) 13. a3 Nd4 14. O-O Qd7 15. b4 $6 (15.
Nxd4 cxd4 16. Bd2 $10) 15... Bd5 (15... Bg4 $5 16. bxc5 (16. e3 Nxf3+ 17. Bxf3
Bxf3 18. Qxf3 Bxc3 19. Rxc3 cxb4 20. Rxc8 Rxc8 21. axb4 Rc3 22. d4 Rb3 23. Qf4
$15) 16... Bxf3 17. Bxd4 $2 (17. Bxf3 Nxf3+ 18. exf3 Rxc5 19. Bxg7 Rxc1 20.
Qxc1 Kxg7 21. Qc3+ Kg8 22. Rc1 Rd8 $15) 17... Bxe2 $5 (17... Bxg2 $1 18. Bxg7
Qh3 $19) 18. Qxe2 Bxd4 $17) 16. e4 Bc6 17. bxc5 (17. Nxd4 cxd4 18. Bd2) 17...
Ba4 18. Qd2 (18. Qe1 Nxf3+ 19. Bxf3 Qxd3 $17) 18... Nb3 19. Qb2 Nxc1 20. Bxg7
Nxd3 21. Qa1 Rfe8 22. Bxh6 e5 23. Be3 (23. h5 $142 Rxc5 (23... gxh5 24. Nh4 $40
) 24. hxg6 fxg6 25. Nh4 $13) 23... f6 24. Kh2 Qf7 (24... Qe7) (24... Nxc5 $6
25. Bh3 Ne6 26. Bxa7 $10) 25. Qc3 Qb3 26. Qa5 $2 $19 (26. Qxb3+ Bxb3 27. Rb1
Bc2 28. Rxb7 Nxc5 29. Rxa7 Bxe4 30. a4 $10 Ne6 31. Nxe5 $1 Bxg2 32. Ng4 $16)
26... Qb5 27. Qd2 (27. Qxa7 $2 Rc6 {/\28... Ta6}) 27... Red8 28. Bh3 Nxc5 (
28... Nf4 29. Bxc8 (29. Qa2+ Bb3) 29... Rxd2 30. Nxd2 Qc6 31. Bxb7 Qxb7 32.
gxf4 $14) 29. Qa2+ Bb3 30. Qb1 Bc4 $1 31. Rc1 (31. Qxb5 Bxb5 32. Rb1 Bd7 33.
Bxc5 Rxc5 (33... Bxh3 $2 34. Be7 $1) 34. Rxb7 (34. Rd1 Rc7) 34... Bc6 {/\Td2/
Td3-+}) 31... Qxb1 32. Rxb1 Rc7 33. g4 (33. Bxc5 Rxc5 34. Rxb7 Rd3 $19) 33...
Nxe4 34. g5 Nc3 35. Rg1 (35. Rb4 Bd5) (35. Rc1 Bd5) 35... Ne2 (35... Bd5 36.
gxf6 $5) 36. Re1 Nd4 37. Bxd4 exd4 38. gxf6 d3 39. h5 gxh5 40. Nd2 {/\41.Sc4
Tc4 42.Le6} b5 41. Rg1+ Kf8 42. Nxc4 Rxc4 43. Be6 Rh4+ 44. Kg3 Re4 0-1